Learning Resource and Development

Living in the information technology era / (Record no. 28722)

MARC details
000 -LEADER
fixed length control field 01282nam a2200289 i 4500
003 - CONTROL NUMBER IDENTIFIER
control field CSPC
005 - DATE AND TIME OF LATEST TRANSACTION
control field 20250718132517.0
008 - FIXED-LENGTH DATA ELEMENTS--GENERAL INFORMATION
fixed length control field 250205s2019 ph a b 001 0 eng d
020 ## - INTERNATIONAL STANDARD BOOK NUMBER
International Standard Book Number 9789719810674
040 ## - CATALOGING SOURCE
Transcribing agency CSPC
Original cataloging agency CSPC
Language of cataloging eng
Description conventions rda
050 04 - LIBRARY OF CONGRESS CALL NUMBER
Classification number T58.5
Item number .C36 2019
082 04 - DEWEY DECIMAL CLASSIFICATION NUMBER
Classification number 303.4834
Item number C169l
100 1# - MAIN ENTRY--PERSONAL NAME
Personal name Caoili-Tayuan, Ronina R.,
Relator term author.
245 10 - TITLE STATEMENT
Title Living in the information technology era /
Statement of responsibility, etc. Ronina R. Caoli-Tayuan and Mia V. Eleazar.
264 #1 - PRODUCTION, PUBLICATION, DISTRIBUTION, MANUFACTURE, AND COPYRIGHT NOTICE
Place of production, publication, distribution, manufacture Quezon City :
Name of producer, publisher, distributor, manufacturer C & E Publishing Inc.,
Date of production, publication, distribution, manufacture, or copyright notice 2019.
300 ## - PHYSICAL DESCRIPTION
Extent xi, 231 pages :
Other physical details illustrations ;
Dimensions 22 cm.
336 ## - CONTENT TYPE
Source rdacontent
Content type term text
337 ## - MEDIA TYPE
Source rdamedia
Media type term unmediated
338 ## - CARRIER TYPE
Source rdacarrier
Carrier type term volume
490 ## - SERIES STATEMENT
Series statement General education
504 ## - BIBLIOGRAPHY, ETC. NOTE
Bibliography, etc. note Includes bibliographical references and index.
505 0# - FORMATTED CONTENTS NOTE
Formatted contents note Introduction to Information and Communications Technology (ICT) -- Computers in our daily life -- The internet and World Wide Web -- Information, control, and privacy -- IT, culture, and the society -- IT trends, issues, and challenges.
650 #0 - SUBJECT ADDED ENTRY--TOPICAL TERM
Topical term or geographic name entry element Information technology.
700 1# - ADDED ENTRY--PERSONAL NAME
Personal name Eleazar, Mia V.,
Relator term author.
942 ## - ADDED ENTRY ELEMENTS (KOHA)
Source of classification or shelving scheme Dewey Decimal Classification
Suppress in OPAC No
Koha item type Books
Classification part 303.4834
Item part C169l
Call number prefix FIL
Call number suffix 2019
Holdings
Withdrawn status Lost status Source of classification or shelving scheme Damaged status Not for loan Home library Current library Shelving location Date acquired Total Checkouts Full call number Barcode Date last seen Copy number Price effective from Koha item type Date last checked out
    Dewey Decimal Classification     CAMPUS CSPC CAMPUS CSPC Filipiniana Section 07/18/2025   FIL 303.4834 C169l 2019 001645-BUH 07/18/2025 1-3 07/18/2025 Books  
    Dewey Decimal Classification     CAMPUS CSPC CAMPUS CSPC Filipiniana Section 07/18/2025   FIL 303.4834 C169l 2019 001646-BUH 07/18/2025 2-3 07/18/2025 Books  
    Dewey Decimal Classification     CAMPUS CSPC CAMPUS CSPC   07/18/2025   FIL 303.4834 C169l 2019 001647-BUH 07/18/2025 3-3 07/18/2025 Books  
    Dewey Decimal Classification     Main Library Main Library Filipiniana Section 02/05/2025   FIL 303.4834 C169l 2019 028971 02/05/2025 1-4 02/05/2025 Books  
    Dewey Decimal Classification     Main Library Main Library Filipiniana Section 02/05/2025 2 FIL 303.4834 C169l 2019 028972 09/16/2025 2-4 02/05/2025 Books 09/05/2025
    Dewey Decimal Classification     Main Library Main Library Filipiniana Section 02/05/2025   FIL 303.4834 C169l 2019 028973 02/05/2025 3-4 02/05/2025 Books  
    Dewey Decimal Classification     Main Library Main Library Filipiniana Section 02/05/2025 1 FIL 303.4834 C169l 2019 028974 04/21/2025 4-4 02/05/2025 Books 04/10/2025